[Event "Izmir-ch"]
[Site "Izmir"]
[Date "2002.03.14"]
[Round "9.9"]
[White "Karagoz, Hakan"]
[Black "Secer, Ata"]
[Result "0-1"]
[WhiteElo "1593"]
[BlackElo "1892"]
[PlyCount "74"]
[EventDate "2002.03.??"]
[EventType "swiss"]
[EventRounds "9"]
[EventCountry "TUR"]
[SourceTitle "EXT 2004"]
[Source "ChessBase"]
[SourceDate "2003.11.25"]
[SourceVersion "1"]
[SourceVersionDate "2003.11.25"]
[SourceQuality "1"]

1. g3 Nf6 2. Bg2 g6 3. c4 Bg7 4. Nc3 0-0 5. Nf3 d5 6. cxd5 Nxd5 7. 0-0 c6 8. Qb3 Nb6 9. d3 h6 10. h3 e5 11. Ne4 Be6 12. Qc2 N8d7 13. Be3 f5 14. Nc5 Nxc5 15. Bxc5 Rf7 16. d4 e4 17. Ne5 Bxe5 18. dxe5 Nc4 19. Rad1 Qe8 20. Bd6 Bd5 21. Qc3 Qe6 22. Bc5 Qxe5 23. Bd4 Qe6 24. b3 Nd6 25. Qd2 Kh7 26. Bb2 g5 27. f3 Re8 28. f4 g4 29. hxg4 fxg4 30. e3 Nf5 31. Kf2 Rd7 32. Qe2 Red8 33. Rh1 Qg6 34. Qc2 b6 35. Bxe4 Bxe4 36. Rxd7+ Rxd7 37. Qxe4 Rd2+ 0-1

[Event "Izmir-ch"]
[Site "Izmir"]
[Date "2002.03.07"]
[Round "2.16"]
[White "Kanmazalp, Ogulcan"]
[Black "Karagoz, Hakan"]
[Result "1-0"]
[WhiteElo "1453"]
[BlackElo "1593"]
[PlyCount "93"]
[EventDate "2002.03.??"]
[EventType "swiss"]
[EventRounds "9"]
[EventCountry "TUR"]
[SourceTitle "EXT 2004"]
[Source "ChessBase"]
[SourceDate "2003.11.25"]
[SourceVersion "1"]
[SourceVersionDate "2003.11.25"]
[SourceQuality "1"]

1. e4 d5 2. exd5 Nf6 3. c4 e6 4. dxe6 Bxe6 5. Nf3 Nc6 6. Nc3 Bc5 7. Be2 Qd7 8. a3 a5 9. d3 Nd4 10. Be3 Rd8 11. Nxd4 Bxd4 12. Bxd4 Qxd4 13. Qa4+ c6 14. Qxa5 0-0 15. 0-0-0 Qf4+ 16. Kb1 Qxf2 17. Rdf1 Qe3 18. Rf3 Qh6 19. Rg3 b5 20. cxb5 Ra8 21. Qb4 cxb5 22. Qd4 Rfb8 23. Rf1 Ne8 24. Ne4 b4 25. axb4 Ba2+ 26. Kc2 Qc6+ 27. Qc3 Qa4+ 28. Kd2 Qxb4 29. Qxb4 Rxb4 30. Bf3 Rxb2+ 31. Ke3 Rd8 32. Nc3 Be6 33. Rb1 Rc2 34. Ne4 h6 35. Rb7 f5 36. Nf2 g5 37. Nh3 Kh8 38. Nxg5 hxg5 39. Rxg5 Rc7 40. Rb1 Nf6 41. Rd1 Bd5 42. Rxf5 Bxf3 43. Rxf3 Ng4+ 44. Ke2 Nxh2 45. Rh3+ Rh7 46. Rxh7+ Kxh7 47. Rh1 1-0